Solomon Islands : Tax Summary and Statistical Appendix.

This Tax Summary and Statistical Appendix for the Solomon Islands outlines the summary of various taxes. Residents are taxed on their worldwide income. Nonresidents are taxed on income sourced from the Solomon Islands. Both resident and nonresident investors undertaking commercial, economic, industr...

Ausführliche Beschreibung

Bibliographische Detailangaben
Körperschaft: International Monetary Fund
Format: Zeitschrift
Sprache:English
Veröffentlicht: Washington, D.C. : International Monetary Fund, 2008.
Schriftenreihe:IMF Staff Country Reports; Country Report ; No. 2008/359
Online Zugang:Full text available on IMF
LEADER 01621cas a2200241 a 4500
001 AALejournalIMF005478
008 230101c9999 xx r poo 0 0eng d
020 |c 5.00 USD 
020 |z 9781451834413 
022 |a 1934-7685 
040 |a BD-DhAAL  |c BD-DhAAL 
110 2 |a International Monetary Fund. 
245 1 0 |a Solomon Islands :   |b Tax Summary and Statistical Appendix. 
264 1 |a Washington, D.C. :  |b International Monetary Fund,  |c 2008. 
300 |a 1 online resource (44 pages) 
490 1 |a IMF Staff Country Reports 
500 |a <strong>Off-Campus Access:</strong> No User ID or Password Required 
500 |a <strong>On-Campus Access:</strong> No User ID or Password Required 
506 |a Electronic access restricted to authorized BRAC University faculty, staff and students 
520 3 |a This Tax Summary and Statistical Appendix for the Solomon Islands outlines the summary of various taxes. Residents are taxed on their worldwide income. Nonresidents are taxed on income sourced from the Solomon Islands. Both resident and nonresident investors undertaking commercial, economic, industrial or professional activity in the Solomon Islands may apply to the Commissioner of Inland Revenue for an exemption from income tax. An excise duty is levied on plugs, twist, fig, stick, cake, and coarse cut tobacco, and on beer and cigarettes produced in the Solomon Islands. 
538 |a Mode of access: Internet 
830 0 |a IMF Staff Country Reports; Country Report ;  |v No. 2008/359 
856 4 0 |z Full text available on IMF  |u http://elibrary.imf.org/view/journals/002/2008/359/002.2008.issue-359-en.xml  |z IMF e-Library